000 00726nam a2200289Ia 4500
005 20260324130613.0
008 008 260324s9999 xx 000 0 eng d
020 _a9780203934067
037 _aEBOOK
040 _aCRL
040 _beng
040 _cCRL
041 _2eng
041 _aeng
084 _qCRL
100 _aMichael Whittall; Herman Knudsen; Fred Huijgen
_91182403
245 0 _aTowards a European Labour Identity
245 4 _bThe Case of the European Works Council
260 _bTaylor and Francis
260 _c2007
365 _a
365 _b65.99
856 _uhttp://www.taylorfrancis.com/books/9780203934067
942 _cEBOOK
999 _c1778717
_d1778717